| 000 | 00817nam a22001815i 4500 | ||
|---|---|---|---|
| 001 | 165100 | ||
| 003 | ES-MaACL | ||
| 005 | 20250906063134.0 | ||
| 008 | 970602s1886 sp |||| | spa d | ||
| 040 |
_aAR _bspa _cAR |
||
| 100 | 1 |
_aSecchi, Angelo, _d1818-1878 _9132608 |
|
| 245 | 1 | 0 |
_aLecciones elementales de fisica terrestre _b: adicionadas con dos discursos sobre la grandeza de la creacion / _cescritos póstumos del P. Angel Secchi ; traducidos por primera vez directamente al castellano por Patricio Montojo y Pasarón. |
| 260 |
_aMadrid : _b[s.n.], _c1886 ( _fEstablecimiento tip. "Sucesores de Rivadeneyra") |
||
| 300 |
_aVIII, 231 p., IX h. de lám. : _bil. ; _c24 cm. |
||
| 700 | 1 |
_aMontojo, Patricio, _d1839-1917 _982670 |
|
| 852 |
_aES-MaACL _jB-1991 _z-- Enc. hol. |
||
| 999 |
_c165100 _d165100 |
||